[Event "SG Porz 2 - Oberhausener SV 1"]
[Site "Oberliga NRW 2016/2017"]
[Date "2017.05.21"]
[Round "9.1"]
[White "Hort, Vlastimil"]
[Black "Malykin, Vitaly"]
[Result "1/2-1/2"]
[WhiteElo "2390"]
[BlackElo "2329"]
[PlyCount "27"]
[EventDate "2017.??.??"]
[WhiteTeam "Oberhausener SV 1"]
[BlackTeam "SG Porz 2"]

1. e4 g6 2. d4 Bg7 3. Nf3 d6 4. c4 Nf6 5. Nc3 O-O 6. Be2 Nbd7 7. h3 c6 8. O-O
e5 9. Re1 exd4 10. Nxd4 Re8 11. Bf3 Ne5 12. Be2 Ned7 13. Bf3 Ne5 14. Be2
1/2-1/2

[Event "SG Porz 2 - Oberhausener SV 1"]
[Site "Oberliga NRW 2016/2017"]
[Date "2017.05.21"]
[Round "9.2"]
[White "Korotkjevich, Stanislav"]
[Black "Becker, Marcel"]
[Result "1-0"]
[WhiteElo "2351"]
[BlackElo "2263"]
[PlyCount "105"]
[EventDate "2017.??.??"]
[WhiteTeam "SG Porz 2"]
[BlackTeam "Oberhausener SV 1"]

1. Nf3 d5 2. b3 Bg4 3. Bb2 Nd7 4. e3 c6 5. Be2 Ngf6 6. O-O e6 7. c4 Bd6 8. h3
Bh5 9. d3 O-O 10. Nbd2 Qe7 11. Rc1 Ba3 12. Qc2 a5 13. Bxa3 Qxa3 14. Nb1 Qe7 15.
Nc3 Rfd8 16. Qb2 Bxf3 17. Bxf3 dxc4 18. dxc4 e5 19. Rfd1 e4 20. Be2 Nc5 21. Qa3
b6 22. Na4 Qa7 23. Nxc5 bxc5 24. Rxd8+ Rxd8 25. Rd1 Rxd1+ 26. Bxd1 Qd7 27. Qc1
Qd3 28. Bc2 Qc3 29. Qb1 g6 30. g3 h5 31. Bxe4 Nxe4 32. Qxe4 Qa1+ 33. Kg2 Qxa2
34. Qe8+ Kg7 35. Qxc6 Qxb3 36. Qxc5 a4 37. Qe5+ Kg8 38. c5 Qb7+ 39. e4 a3 40.
Qe8+ Kg7 41. c6 Qb5 42. Qa8 Qc4 43. Qxa3 Qxc6 44. Qb2+ Kg8 45. Qe5 Qc2 46. Qd5
Qe2 47. Qd4 Kf8 48. e5 Kg8 49. g4 hxg4 50. hxg4 Qe1 51. Kg3 Qg1+ 52. Kf4 Qh2+
53. Kg5 1-0

[Event "SG Porz 2 - Oberhausener SV 1"]
[Site "Oberliga NRW 2016/2017"]
[Date "2017.05.21"]
[Round "9.3"]
[White "Kaufeld, Juergen"]
[Black "Xu, Xianliang"]
[Result "0-1"]
[WhiteElo "2231"]
[BlackElo "2350"]
[PlyCount "124"]
[EventDate "2017.??.??"]
[WhiteTeam "Oberhausener SV 1"]
[BlackTeam "SG Porz 2"]

1. e4 c5 2. Nf3 d6 3. d4 cxd4 4. Nxd4 Nf6 5. Nc3 g6 6. g3 Bg7 7. Bg2 O-O 8. O-O
Nc6 9. Nde2 Bd7 10. h3 h5 11. Re1 Rc8 12. a4 Ne5 13. Nd5 h4 14. Nxf6+ Bxf6 15.
g4 Qc7 16. Nd4 Rfd8 17. Ra2 a6 18. b3 Qc3 19. Bb2 Qb4 20. Ba3 Qa5 21. Bb2 Bg7
22. f4 Nc6 23. Nxc6 Bxc6 24. Bxg7 Kxg7 25. Qa1+ f6 26. Kh1 Qd2 27. Rf1 Qb4 28.
Rc1 Qd2 29. Rf1 e5 30. g5 Rf8 31. c4 Qe3 32. Qd1 Bxe4 33. Qxd6 Qxh3+ 34. Kg1
Qe3+ 35. Kh1 Bxg2+ 36. Rxg2 Rc6 37. gxf6+ Rxf6 38. Qe7+ Rf7 39. Qxh4 exf4 40.
Rh2 Qe4+ 41. Kg1 Qd4+ 42. Kh1 Kf8 43. Re1 Rc5 44. Qg4 Qf6 45. Rh6 Kg7 46. Qh3
Re5 47. Rd1 Rfe7 48. Rh7+ Kg8 49. Rxe7 Rxe7 50. Rd8+ Kf7 51. Qh7+ Qg7 52. Qxg7+
Kxg7 53. Kg2 g5 54. Kf3 Re3+ 55. Kg4 Kf6 56. Rd6+ Ke5 57. Rd5+ Ke4 58. Kxg5
Rg3+ 59. Kf6 Rxb3 60. Ke6 f3 61. Re5+ Kd3 62. c5 f2 0-1

[Event "SG Porz 2 - Oberhausener SV 1"]
[Site "Oberliga NRW 2016/2017"]
[Date "2017.05.21"]
[Round "9.4"]
[White "Pauly, Carlo"]
[Black "Kummerow, Heiko"]
[Result "1-0"]
[WhiteElo "2232"]
[BlackElo "2169"]
[PlyCount "101"]
[EventDate "2017.??.??"]
[WhiteTeam "SG Porz 2"]
[BlackTeam "Oberhausener SV 1"]

1. d4 Nf6 2. c4 g6 3. Nc3 Bg7 4. e4 d6 5. Bd3 O-O 6. Nge2 c5 7. d5 e6 8. O-O a6
9. a4 exd5 10. exd5 Ng4 11. Bc2 Nd7 12. h3 Nge5 13. b3 Nf6 14. Bg5 h6 15. Be3
Re8 16. Kh1 Rb8 17. Qd2 h5 18. Bg5 Qc7 19. f4 Ned7 20. f5 gxf5 21. Bxf5 Re5 22.
Qf4 Ne8 23. Be6 Ndf6 24. Bxc8 Rxc8 25. Ng3 Nh7 26. Bh6 Nef6 27. Rf2 Rf8 28.
Raf1 Qd8 29. Bxg7 Kxg7 30. Nf5+ Kh8 31. Qh6 Ne8 32. Qxh5 Qf6 33. Rf4 Ng7 34.
Qh6 Qxh6 35. Nxh6 f5 36. g4 Re3 37. R4f3 Rxf3 38. Rxf3 Ng5 39. Rf1 Nxh3 40.
Nxf5 Ng5 41. Kg2 Nxf5 42. Rxf5 Rxf5 43. gxf5 Kg7 44. Kg3 Kf6 45. Kg4 Nf7 46.
Kf4 b6 47. Ne4+ Kg7 48. Kg4 Ne5+ 49. Kh5 Nf7 50. f6+ Kf8 51. Kg6 1-0

[Event "SG Porz 2 - Oberhausener SV 1"]
[Site "Oberliga NRW 2016/2017"]
[Date "2017.05.21"]
[Round "9.5"]
[White "Stillger, Bernhard"]
[Black "Fieberg, Samuel"]
[Result "1-0"]
[WhiteElo "2249"]
[BlackElo "2167"]
[PlyCount "119"]
[EventDate "2017.??.??"]
[WhiteTeam "Oberhausener SV 1"]
[BlackTeam "SG Porz 2"]

1. d4 d5 2. c4 c6 3. Nf3 Nf6 4. e3 Bg4 5. Nc3 e6 6. h3 Bh5 7. Qb3 Qb6 8. Nh4 g5
9. Nf3 h6 10. Bd3 Bxf3 11. gxf3 Na6 12. c5 Qxb3 13. axb3 Nc7 14. b4 b5 15. h4
gxh4 16. Rxh4 a6 17. e4 dxe4 18. fxe4 O-O-O 19. Be3 Be7 20. Ke2 h5 21. Rah1
Rhg8 22. e5 Nfd5 23. Rxh5 Nxb4 24. Bh7 Rh8 25. Ne4 Nbd5 26. Nd6+ Bxd6 27. cxd6
Ne8 28. Be4 Rxh5 29. Rxh5 f6 30. Rh7 Rd7 31. Rh8 Rd8 32. Rh7 Rd7 33. Rh8 Rd8
34. Bd2 fxe5 35. dxe5 Ng7 36. Rh7 Rd7 37. Bh6 Nf5 38. Rh8+ Kb7 39. Bxf5 exf5
40. Be3 c5 41. Bxc5 Nf4+ 42. Kf3 Ne6 43. b4 Kc6 44. Ra8 Kd5 45. Rxa6 Kxe5 46.
Rb6 Nxc5 47. bxc5 b4 48. Rxb4 Kd5 49. Rb5 Kc4 50. Rb7 Rxb7 51. c6 Rb6 52. c7
Rc6 53. d7 Rxc7 54. d8=Q Rc5 55. Kf4 Rd5 56. Qxd5+ Kxd5 57. Kxf5 Kd6 58. Kf6
Kd7 59. Kf7 Kd6 60. f4 1-0

[Event "SG Porz 2 - Oberhausener SV 1"]
[Site "Oberliga NRW 2016/2017"]
[Date "2017.05.21"]
[Round "9.6"]
[White "Wagenknecht, Uwe"]
[Black "Ciornei, Dragos"]
[Result "1/2-1/2"]
[WhiteElo "2214"]
[BlackElo "2094"]
[PlyCount "81"]
[EventDate "2017.??.??"]
[WhiteTeam "SG Porz 2"]
[BlackTeam "Oberhausener SV 1"]

1. Nf3 Nf6 2. c4 g6 3. Nc3 Bg7 4. e4 d6 5. d4 O-O 6. Be2 e5 7. O-O Nc6 8. d5
Ne7 9. Bd2 Ne8 10. Rc1 f5 11. exf5 gxf5 12. Qb3 b6 13. Ne1 Ng6 14. Nd3 a5 15.
f4 Bh6 16. Qd1 Nxf4 17. Nxf4 Bxf4 18. Bxf4 exf4 19. Qd4 Bd7 20. Rxf4 Ng7 21.
Bd3 Qe7 22. Qf2 Rae8 23. Ne2 Qe3 24. Rd1 Rf7 25. Nd4 Rfe7 26. g3 Re5 27. Qxe3
Rxe3 28. Kf2 R3e5 29. Nf3 Re3 30. Rh4 R3e7 31. Ng5 h5 32. Nh3 Kf7 33. Nf4 Rh8
34. Rf1 Kf6 35. Kg2 Re3 36. Rf3 Rxf3 37. Kxf3 Kg5 38. Nh3+ Kf6 39. Nf4 Kg5 40.
Nh3+ Kf6 41. Nf4 1/2-1/2

[Event "SG Porz 2 - Oberhausener SV 1"]
[Site "Oberliga NRW 2016/2017"]
[Date "2017.05.21"]
[Round "9.7"]
[White "Voge, Andreas"]
[Black "Liard, Thibaud"]
[Result "0-1"]
[WhiteElo "2080"]
[BlackElo "2169"]
[PlyCount "71"]
[EventDate "2017.??.??"]
[WhiteTeam "Oberhausener SV 1"]
[BlackTeam "SG Porz 2"]

1. e4 c5 2. Nf3 d6 3. d4 cxd4 4. Nxd4 Nf6 5. Nc3 g6 6. Be3 Bg7 7. f3 O-O 8. Qd2
Nc6 9. O-O-O d5 10. Qe1 e5 11. Nxc6 bxc6 12. exd5 Nxd5 13. Bc5 Bh6+ 14. Kb1
Nxc3+ 15. bxc3 Rb8+ 16. Ka1 Qa5 17. Bxf8 Bxf8 18. Bc4 Bg7 19. Bb3 e4 20. Kb2 c5
21. fxe4 c4 22. Rd5 Qb6 23. Qg3 cxb3 24. axb3 Be6 25. Rd6 Qb5 26. Rhd1 Be5 27.
Rd8+ Kg7 28. Rxb8 Qxb8 29. Qh4 a5 30. Qd8 Qb4 31. Rd4 Qc5 32. Rd3 a4 33. bxa4
Qc4 34. Rd4 Qa2+ 35. Kc1 Bf4+ 36. Kd1 0-1

[Event "SG Porz 2 - Oberhausener SV 1"]
[Site "Oberliga NRW 2016/2017"]
[Date "2017.05.21"]
[Round "9.8"]
[White "Sewald, Kathrin"]
[Black "Nissen, Claus"]
[Result "0-1"]
[WhiteElo "1896"]
[BlackElo "2111"]
[PlyCount "76"]
[EventDate "2017.??.??"]
[WhiteTeam "SG Porz 2"]
[BlackTeam "Oberhausener SV 1"]

1. e4 e6 2. f4 d5 3. e5 c5 4. Nf3 Nc6 5. c3 Nh6 6. Na3 Be7 7. Nc2 Qb6 8. Be2 d4
9. c4 O-O 10. d3 Qc7 11. O-O a6 12. Kh1 b5 13. b4 Bb7 14. Bb2 Rfd8 15. Rc1 Qb6
16. bxc5 Bxc5 17. Nd2 Nf5 18. a3 Na5 19. Rb1 Ne3 20. Nxe3 dxe3 21. Nf3 Nxc4 22.
Qe1 Nxb2 23. Rxb2 Bxa3 24. Rb3 Bf8 25. Qh4 Bd5 26. Rbb1 Qb7 27. Qg5 Rac8 28.
Ne1 b4 29. Bf3 b3 30. f5 exf5 31. Qxe3 g6 32. Qg5 Qb5 33. Bxd5 Rxd5 34. Rxf5
Bg7 35. Rf1 Rxe5 36. Qg4 Rec5 37. Nf3 b2 38. Qf4 Qxd3 0-1

[Event "Klub Kölner SF 1 - SV Dinslaken 1"]
[Site "Oberliga NRW 2016/2017"]
[Date "2017.05.21"]
[Round "9.1"]
[White "Tereick, Benjamin"]
[Black "Seul, Georg"]
[Result "0-1"]
[WhiteElo "2367"]
[BlackElo "2356"]
[PlyCount "78"]
[EventDate "2017.??.??"]
[WhiteTeam "SV Dinslaken 1"]
[BlackTeam "Klub Kölner SF 1"]

1. c4 e5 2. Nc3 Nc6 3. g3 Nf6 4. Bg2 Bc5 5. a3 a6 6. e3 d6 7. b4 Ba7 8. d3 O-O
9. Nge2 Ne7 10. Bb2 c6 11. O-O Be6 12. Qd2 Qd7 13. Kh1 Bh3 14. Rae1 Rae8 15.
Bxh3 Qxh3 16. Ng1 Qh6 17. Qe2 Nf5 18. Qf3 Qg6 19. Qg2 e4 20. d4 d5 21. cxd5
cxd5 22. Nh3 Bb8 23. Rc1 b5 24. Ne2 Rc8 25. Nhf4 Qh6 26. Nc3 Bxf4 27. gxf4 Nh4
28. Qg5 Nf3 29. Qxh6 gxh6 30. h3 Rc4 31. Rc2 Rfc8 32. Ba1 Kf8 33. Rd1 Ke7 34.
Rcc1 Ke6 35. Kg2 Rg8+ 36. Kf1 Rg1+ 37. Ke2 Rg2 38. Rf1 Nh5 39. Kd1 Ng3 0-1

[Event "Klub Kölner SF 1 - SV Dinslaken 1"]
[Site "Oberliga NRW 2016/2017"]
[Date "2017.05.21"]
[Round "9.2"]
[White "Morawietz, Dieter"]
[Black "Trella, Thomas"]
[Result "1-0"]
[WhiteElo "2383"]
[BlackElo "2352"]
[Annotator "Daniel"]
[PlyCount "95"]
[EventDate "2017.??.??"]
[WhiteTeam "Klub Kölner SF 1"]
[BlackTeam "SV Dinslaken 1"]

1. e4 e6 2. d4 d5 3. e5 c5 4. c3 Nc6 5. Nf3 Bd7 6. Be2 Nge7 7. O-O cxd4 8. cxd4
Nf5 9. Nc3 a6 10. Kh1 Rc8 11. a3 b5 12. Bg5 Qb6 13. Bd3 h6 14. Be3 b4 15. axb4
Nxe3 16. fxe3 Nxb4 17. Bb1 Be7 18. Ne1 O-O 19. Nd3 Nxd3 20. Qxd3 g6 21. Rxa6
Qb7 22. Ra2 Ra8 23. Rxa8 Rxa8 24. Qd2 Rb8 25. Rf2 Bb4 $11 26. Bd3 Rc8 27. Qc1
Bxc3 28. bxc3 Qc7 29. Qf1 Be8 30. Rc2 Qa5 31. c4 dxc4 32. Rxc4 Rxc4 33. Bxc4
Qd2 34. Qg1 Bc6 35. h3 h5 36. h4 Kg7 37. Kh2 Be4 38. Kg3 Bxg2 39. Qf2 Qxf2+ 40.
Kxf2 Bd5 41. Bxd5 exd5 42. Kf3 f6 43. exf6+ Kxf6 44. Kf4 Ke6 45. e4 dxe4 46.
Kxe4 g5 47. hxg5 h4 48. d5+ 1-0

[Event "Klub Kölner SF 1 - SV Dinslaken 1"]
[Site "Oberliga NRW 2016/2017"]
[Date "2017.05.21"]
[Round "9.3"]
[White "Mundorf, Johannes"]
[Black "Wacker, Peter"]
[Result "1/2-1/2"]
[WhiteElo "2195"]
[BlackElo "2300"]
[PlyCount "158"]
[EventDate "2017.??.??"]
[WhiteTeam "SV Dinslaken 1"]
[BlackTeam "Klub Kölner SF 1"]

1. Nf3 d5 2. g3 Nf6 3. Bg2 e6 4. O-O c5 5. c4 d4 6. b4 cxb4 7. a3 Nc6 8. d3 Be7
9. axb4 Bxb4 10. Qa4 Bd7 11. Ne5 Qb6 12. Nxc6 Bxc6 13. Bxc6+ bxc6 14. Ba3 Bxa3
15. Rxa3 O-O 16. Nd2 Qc7 17. Nf3 Qd6 18. Rfa1 Rfd8 19. Qa5 Nd7 20. Qg5 h6 21.
Qh4 Nf6 22. Qf4 Qxf4 23. gxf4 Rd7 24. Ne5 Rc7 25. Kg2 Nd7 26. Nxd7 Rxd7 27. Ra6
Rc7 28. c5 Rd8 29. Kf3 Rd5 30. Rc1 g5 31. Rc4 gxf4 32. Kxf4 Kg7 33. e4 dxe3 34.
Kxe3 e5 35. Ke4 Rdd7 36. Ra3 Kf6 37. d4 exd4 38. Rf3+ Ke6 39. Rxd4 f5+ 40. Kd3
Rxd4+ 41. Kxd4 Rb7 42. Re3+ Kf6 43. Re8 Rd7+ 44. Kc4 Re7 45. Rc8 Re6 46. Ra8
Re4+ 47. Kd3 Ke5 48. Rxa7 Rd4+ 49. Ke3 Rc4 50. Rh7 Rc3+ 51. Ke2 Rxc5 52. Rxh6
Rc2+ 53. Ke3 Rc3+ 54. Kd2 Rc4 55. Rh8 Ra4 56. Rc8 Kd5 57. Rf8 Ke4 58. h4 Ra2+
59. Ke1 f4 60. h5 Kf3 61. h6 Ra1+ 62. Kd2 Rh1 63. Rf6 c5 64. Kd3 Rh4 65. Kc3
Kxf2 66. h7 f3 67. Rf7 Ke2 68. Re7+ Kf1 69. Kd2 f2 70. Rg7 Rh3 71. Rf7 c4 72.
Rg7 Rh2 73. Kc3 Rh4 74. Rf7 Rh3+ 75. Kxc4 Ke2 76. Re7+ Kd2 77. Rd7+ Kc2 78. Rf7
Rh4+ 79. Kd5 Rxh7 1/2-1/2

[Event "Klub Kölner SF 1 - SV Dinslaken 1"]
[Site "Oberliga NRW 2016/2017"]
[Date "2017.05.21"]
[Round "9.4"]
[White "Helbig, Mark"]
[Black "Ossig, Rainer"]
[Result "1-0"]
[WhiteElo "2344"]
[BlackElo "2135"]
[PlyCount "75"]
[EventDate "2017.??.??"]
[WhiteTeam "Klub Kölner SF 1"]
[BlackTeam "SV Dinslaken 1"]

1. c4 c5 2. Nc3 Nc6 3. g3 g6 4. Bg2 Bg7 5. Nf3 d6 6. O-O e6 7. e3 Nge7 8. d4
O-O 9. Rb1 Nf5 10. dxc5 dxc5 11. Qc2 Qe7 12. a3 Bd7 13. b3 Rac8 14. Bb2 b6 15.
Rfd1 Rfd8 16. Rd2 Be8 17. Rbd1 Rxd2 18. Rxd2 Rd8 19. Ne4 f6 20. h3 Nd6 21. Nxd6
Rxd6 22. Bc3 Rxd2 23. Qxd2 f5 24. h4 h6 25. Ne1 Qd8 26. Qb2 Bxc3 27. Qxc3 Qd1
28. Kf1 Qd6 29. Nd3 Ne7 30. Ke2 Kh7 31. b4 cxb4 32. axb4 Bc6 33. Bxc6 Nxc6 34.
b5 Ne7 35. Qf6 Kg8 36. Ne5 Kh7 37. f4 h5 38. Nf7 1-0

[Event "Klub Kölner SF 1 - SV Dinslaken 1"]
[Site "Oberliga NRW 2016/2017"]
[Date "2017.05.21"]
[Round "9.5"]
[White "Hoenig, Alexander"]
[Black "Bayer, Ernst-Wolfgang"]
[Result "1/2-1/2"]
[WhiteElo "2133"]
[BlackElo "2216"]
[PlyCount "29"]
[EventDate "2017.??.??"]
[WhiteTeam "SV Dinslaken 1"]
[BlackTeam "Klub Kölner SF 1"]

1. d4 c5 2. c3 Nf6 3. Nf3 e6 4. Bf4 b6 5. e3 Bb7 6. Nbd2 Be7 7. Bd3 cxd4 8.
cxd4 O-O 9. Qe2 Nc6 10. a3 Nh5 11. Bg3 Nxg3 12. hxg3 g6 13. Ba6 Bxa6 14. Qxa6
Bf6 15. O-O 1/2-1/2

[Event "Klub Kölner SF 1 - SV Dinslaken 1"]
[Site "Oberliga NRW 2016/2017"]
[Date "2017.05.21"]
[Round "9.6"]
[White "Bonnmann, Reinhard"]
[Black "Borchert, Rene"]
[Result "1/2-1/2"]
[WhiteElo "2227"]
[BlackElo "2119"]
[PlyCount "52"]
[EventDate "2017.??.??"]
[WhiteTeam "Klub Kölner SF 1"]
[BlackTeam "SV Dinslaken 1"]

1. d4 d5 2. Nf3 Nf6 3. c4 e6 4. g3 dxc4 5. Bg2 Nc6 6. O-O a6 7. Bg5 Be7 8. e3
Rb8 9. Nbd2 Nd5 10. Bxe7 Qxe7 11. Nxc4 O-O 12. Qb3 b5 13. Ncd2 Na5 14. Qc2 Bb7
15. Ne4 Nc4 16. Qc1 Ndb6 17. Nfd2 e5 18. Nxc4 Nxc4 19. b3 exd4 20. bxc4 Bxe4
21. exd4 Bxg2 22. Kxg2 Qe4+ 23. Kg1 Qxd4 24. cxb5 Rxb5 25. Qxc7 Rb2 26. Rad1
Rd2 1/2-1/2

[Event "Klub Kölner SF 1 - SV Dinslaken 1"]
[Site "Oberliga NRW 2016/2017"]
[Date "2017.05.21"]
[Round "9.7"]
[White "Brockhaus, Philip"]
[Black "Wisskirchen, Andreas"]
[Result "1/2-1/2"]
[WhiteElo "1985"]
[BlackElo "2153"]
[PlyCount "60"]
[EventDate "2017.??.??"]
[WhiteTeam "SV Dinslaken 1"]
[BlackTeam "Klub Kölner SF 1"]

1. d4 Nf6 2. Nf3 d5 3. c4 c6 4. e3 e6 5. Bd3 Nbd7 6. O-O Bd6 7. b3 Qe7 8. Bb2
dxc4 9. Bxc4 e5 10. dxe5 Nxe5 11. Nxe5 Bxe5 12. Bxe5 Qxe5 13. Nd2 Bg4 14. Be2
Bxe2 15. Qxe2 O-O 16. Rfd1 Nd5 17. Nf3 Qf6 18. Qc4 Rad8 19. Rac1 Nc3 20. Rd4
Rxd4 21. Nxd4 Ne4 22. Nf3 Qb2 23. Qc2 Qxc2 24. Rxc2 Rd8 25. Kf1 Rd1+ 26. Ke2
Ra1 27. Kd3 Nf6 28. e4 Kf8 29. h3 Ke7 30. Ke3 h6 1/2-1/2

[Event "Klub Kölner SF 1 - SV Dinslaken 1"]
[Site "Oberliga NRW 2016/2017"]
[Date "2017.05.21"]
[Round "9.8"]
[White "Ludwig, Peter"]
[Black "Riekenbrauk, Joerg"]
[Result "1-0"]
[WhiteElo "2154"]
[BlackElo "1979"]
[PlyCount "71"]
[EventDate "2017.??.??"]
[WhiteTeam "Klub Kölner SF 1"]
[BlackTeam "SV Dinslaken 1"]

1. Nf3 f5 2. g3 Nf6 3. Bg2 g6 4. c4 Bg7 5. Nc3 O-O 6. O-O d6 7. Rb1 e5 8. d3 c6
9. b4 Na6 10. a4 Nc7 11. b5 c5 12. a5 Ne6 13. a6 Rb8 14. axb7 Bxb7 15. Qa4 Nd7
16. Bd2 Nb6 17. Qd1 e4 18. Ne1 exd3 19. exd3 Bxg2 20. Nxg2 d5 21. cxd5 Nxd5 22.
Nxd5 Qxd5 23. Nf4 Nxf4 24. Bxf4 Rbd8 25. Qa4 Rd7 26. Rfe1 Kf7 27. Qa6 Bd4 28.
Re2 Re8 29. Rxe8 Kxe8 30. Re1+ Kf7 31. Re2 h5 32. h4 c4 33. Qc8 cxd3 34. Qe8+
Kg7 35. Re6 Rf7 36. Bh6+ 1-0

[Event "Bahn-SC Wuppertal 1 - SK Königsspringer"]
[Site "Oberliga NRW 2016/2017"]
[Date "2017.05.21"]
[Round "9.1"]
[White "Scheider, Julian"]
[Black "Savchenko, Vyacheslav"]
[Result "1/2-1/2"]
[WhiteElo "2288"]
[BlackElo "2358"]
[PlyCount "150"]
[EventDate "2017.??.??"]
[WhiteTeam "SK Königsspringer Iserlohn 1"]
[BlackTeam "Bahn-SC Wuppertal 1"]

1. e4 c5 2. Nf3 d6 3. d4 cxd4 4. Nxd4 Nf6 5. Nc3 a6 6. Be3 e6 7. f3 b5 8. Qd2
Nbd7 9. g4 Nb6 10. a3 Bb7 11. O-O-O Be7 12. h4 Nfd7 13. g5 Ne5 14. Kb1 Nbc4 15.
Qe1 Nxe3 16. Qxe3 Rc8 17. f4 Nc4 18. Bxc4 Rxc4 19. f5 Qb6 20. fxe6 fxe6 21. b3
Rc8 22. Qh3 Qc5 23. Rd3 Qe5 24. Nf3 Qxc3 25. Rxc3 Rxc3 26. Kb2 Re3 27. Re1 Rxe1
28. Nxe1 Bc8 29. Qc3 O-O 30. Qc7 Re8 31. e5 dxe5 32. Nf3 e4 33. Ne5 e3 34. Kc3
Kh8 35. Kd3 Bxa3 36. Kxe3 Be7 37. Ke4 b4 38. Kd4 a5 39. Nc6 e5+ 40. Ke4 Bc5 41.
Nxe5 Be7 42. Kf4 Be6 43. Kg3 Bf8 44. h5 Rc8 45. Qb6 Bd5 46. Qxa5 Bg8 47. Qb6
Bc5 48. Qb7 Be6 49. h6 gxh6 50. g6 hxg6 51. Nxg6+ Kg8 52. Ne7+ Bxe7 53. Qxe7
Bf7 54. Qxb4 Rxc2 55. Qb8+ Kg7 56. Qe5+ Kf8 57. b4 Rc6 58. b5 Rg6+ 59. Kf4 Be8
60. b6 Bc6 61. Qb8+ Kg7 62. Qc7+ Kh8 63. Qf7 Rg7 64. Qf6 Bb7 65. Qxh6+ Kg8 66.
Ke5 Bg2 67. Qe6+ Kh7 68. Qf5+ Kg8 69. Qc8+ Kh7 70. Qe8 Bb7 71. Kf6 Bg2 72. Qf8
Rg6+ 73. Kf5 Rg7 74. Kf6 Rg6+ 75. Kf7 Bb7 1/2-1/2

[Event "Bahn-SC Wuppertal 1 - SK Königsspringer"]
[Site "Oberliga NRW 2016/2017"]
[Date "2017.05.21"]
[Round "9.2"]
[White "Savchenko, Aleksij"]
[Black "Schmitz, Philipp"]
[Result "0-1"]
[WhiteElo "2259"]
[BlackElo "2151"]
[PlyCount "96"]
[EventDate "2017.??.??"]
[WhiteTeam "Bahn-SC Wuppertal 1"]
[BlackTeam "SK Königsspringer Iserlohn 1"]

1. e4 c5 2. Nc3 a6 3. Nf3 d6 4. d4 cxd4 5. Nxd4 Nf6 6. Be2 e5 7. Nb3 Be7 8. g4
h6 9. g5 hxg5 10. Bxg5 Nbd7 11. a4 b6 12. Bc4 Bb7 13. Qe2 Rh3 14. f3 Rc8 15.
O-O-O Nxe4 16. Nxe4 Bxg5+ 17. Kb1 Bxe4 18. fxe4 Re3 19. Qf1 Nf6 20. Bxa6 Rc7
21. Qb5+ Kf8 22. Rhe1 Rxe4 23. Qxb6 Nd5 24. Qa5 Rxe1 25. Rxe1 Qa8 26. Rd1 Ra7
27. Rxd5 Rxa6 28. Qb5 Rxa4 29. c4 Ra6 30. Kc2 Qc8 31. Nd2 Rc6 32. b3 Bxd2 33.
Rxd2 Ke7 34. Qd5 Qc7 35. Rf2 Ke8 36. Qe4 Ra6 37. Rf3 Ra2+ 38. Kd3 Qb6 39. Qd5
Qxb3+ 40. Ke4 Re2+ 41. Kf5 Qb1+ 42. Rd3 Rf2+ 43. Kg4 f5+ 44. Kh5 Rxh2+ 45. Kg6
Qg1+ 46. Kxf5 Rh5+ 47. Ke4 Rh4+ 48. Kf3 e4+ 0-1

[Event "Bahn-SC Wuppertal 1 - SK Königsspringer"]
[Site "Oberliga NRW 2016/2017"]
[Date "2017.05.21"]
[Round "9.3"]
[White "Eckardt, Joshua"]
[Black "Khanukov, Boris"]
[Result "1-0"]
[WhiteElo "2228"]
[BlackElo "2205"]
[Annotator "Daniel"]
[PlyCount "71"]
[EventDate "2017.??.??"]
[WhiteTeam "SK Königsspringer Iserlohn 1"]
[BlackTeam "Bahn-SC Wuppertal 1"]

1. d4 Nf6 2. c4 e6 3. g3 c5 4. d5 exd5 5. cxd5 d6 6. Nc3 g6 7. Bg2 Bg7 8. Nf3
O-O 9. O-O Nbd7 10. Bf4 Qe7 11. e4 Nh5 12. Bg5 Bf6 13. Bxf6 $11 Qxf6 14. Re1 a6
15. a4 Rb8 16. a5 b5 17. axb6 Rxb6 18. Qc2 Ne5 19. Nxe5 Qxe5 20. f4 Qd4+ 21.
Kh1 Bg4 22. e5 Rfb8 23. Na4 Bf5 24. Qe2 Rb4 25. Qxa6 Bd7 26. Qxd6 Bxa4 27. Rxa4
Qxb2 28. Rxb4 Qxb4 29. Rc1 Rc8 30. e6 Qb7 31. exf7+ Qxf7 32. Bh3 Qe8 33. Be6+
Kg7 34. Qe5+ Nf6 35. Bxc8 Qxc8 36. Qe7+ 1-0

[Event "Bahn-SC Wuppertal 1 - SK Königsspringer"]
[Site "Oberliga NRW 2016/2017"]
[Date "2017.05.21"]
[Round "9.4"]
[White "Bashilin, Roman"]
[Black "Messarius, Juergen"]
[Result "1/2-1/2"]
[WhiteElo "2217"]
[BlackElo "2160"]
[Annotator "Daniel"]
[PlyCount "39"]
[EventDate "2017.??.??"]
[WhiteTeam "Bahn-SC Wuppertal 1"]
[BlackTeam "SK Königsspringer Iserlohn 1"]

1. d4 g6 2. Nf3 d6 3. Bf4 f5 4. e3 Nf6 5. h3 c6 6. c3 Bg7 7. Qb3 Qb6 8. Be2
Nbd7 9. Ng5 Qxb3 10. axb3 Nf8 11. Nd2 Ne6 12. Nxe6 Bxe6 13. Bc4 Nd5 14. Bh2 Kd7
15. O-O Bh6 16. Rfd1 Rhf8 $11 17. Bxd5 Bxd5 18. c4 Bf7 19. Ra5 Bg7 20. Kf1
1/2-1/2

[Event "Bahn-SC Wuppertal 1 - SK Königsspringer"]
[Site "Oberliga NRW 2016/2017"]
[Date "2017.05.21"]
[Round "9.5"]
[White "Kind, Bertram"]
[Black "Ries, Benjamin"]
[Result "0-1"]
[WhiteElo "2135"]
[BlackElo "2191"]
[Annotator "Daniel"]
[PlyCount "80"]
[EventDate "2017.??.??"]
[WhiteTeam "SK Königsspringer Iserlohn 1"]
[BlackTeam "Bahn-SC Wuppertal 1"]

1. e4 c5 2. Nc3 Nc6 3. f4 g6 4. Nf3 Bg7 5. Bc4 e6 6. f5 gxf5 7. d3 Nge7 8. O-O
Na5 9. Bg5 fxe4 10. Nxe4 d5 11. Bb5+ Nac6 12. Nf6+ Kf8 13. Bxc6 bxc6 14. Ne5
Nf5 15. Nfd7+ Bxd7 16. Bxd8 Bxe5 17. Bg5 Bxb2 18. Rb1 Bd4+ 19. Kh1 Rg8 20. Qh5
f6 21. Bf4 Ke7 22. g4 Nd6 23. Qh3 e5 24. Be3 h5 25. Bxd4 cxd4 26. Qf3 Rg6 27.
gxh5 Bg4 28. Qf2 Bxh5 29. Rg1 Bg4 30. Rg3 f5 31. Re1 Kf6 $11 32. Reg1 Rag8 33.
R1g2 Ke6 34. Rg1 c5 35. Re1 Kf6 36. Rgg1 Rh8 37. Qg3 f4 38. Qf2 Nf5 39. Rxe5
Kxe5 40. Re1+ Ne3 0-1

[Event "Bahn-SC Wuppertal 1 - SK Königsspringer"]
[Site "Oberliga NRW 2016/2017"]
[Date "2017.05.21"]
[Round "9.6"]
[White "Tueckmantel, Rene"]
[Black "Klauke, Stefan"]
[Result "0-1"]
[WhiteElo "2102"]
[BlackElo "2091"]
[PlyCount "144"]
[EventDate "2017.??.??"]
[WhiteTeam "Bahn-SC Wuppertal 1"]
[BlackTeam "SK Königsspringer Iserlohn 1"]

1. Nf3 d5 2. d4 Nc6 3. g3 Nf6 4. Bg2 Bf5 5. O-O e6 6. c4 Be7 7. Nc3 O-O 8. Ne5
Rb8 9. Bf4 Bb4 10. cxd5 Nxe5 11. Bxe5 Bxc3 12. bxc3 exd5 13. Bxf6 gxf6 14. Qd2
Re8 15. Rae1 Qd6 16. f3 Bg6 17. e4 b5 18. exd5 Qxd5 19. f4 Be4 20. Bxe4 Rxe4
21. Rxe4 Qxe4 22. Re1 Qd5 23. Re7 c5 24. Qe3 b4 25. c4 Qxc4 26. dxc5 Qxa2 27.
c6 Qb1+ 28. Kg2 Qc2+ 29. Kh3 Qxc6 30. Qxa7 Qc8+ 31. Kh4 Ra8 32. Qb7 Qf8 33.
Rxf7 Qh6+ 34. Kg4 Qg6+ 35. Kh4 Ra2 36. Qc8+ Kxf7 37. Qc4+ Kg7 38. Qxa2 Qf7 39.
Qe2 Qb7 40. Qg4+ Kf8 41. Qe6 Qe7 42. Qc8+ Kf7 43. Qc4+ Kg7 44. Qb5 Qe4 45. Qd7+
Kh6 46. Qf7 Qd4 47. Qf8+ Kg6 48. Qg8+ Kf5 49. Qxh7+ Ke6 50. Qg8+ Kd6 51. Qf8+
Kd5 52. Qf7+ Ke4 53. Qg6+ Ke3 54. Kh5 b3 55. Qb1 Qc5+ 56. Kh6 Qc2 57. Qe1+ Kd3
58. Qf1+ Qe2 59. Qb1+ Kc3 60. Qc1+ Kb4 61. h4 b2 62. Qb1 Kb3 63. Qf5 Qc2 64.
Qxf6 b1=Q 65. Qb6+ Kc4 66. Qxb1 Qxb1 67. g4 Qc1 68. Kg5 Kd5 69. Kf5 Qc8+ 70.
Kg5 Qd8+ 71. Kh5 Ke4 72. f5 Kf4 0-1

[Event "Bahn-SC Wuppertal 1 - SK Königsspringer"]
[Site "Oberliga NRW 2016/2017"]
[Date "2017.05.21"]
[Round "9.7"]
[White "Meinecke, Gerd"]
[Black "Werbeck, Torsten"]
[Result "0-1"]
[WhiteElo "1994"]
[BlackElo "2055"]
[PlyCount "76"]
[EventDate "2017.??.??"]
[WhiteTeam "SK Königsspringer Iserlohn 1"]
[BlackTeam "Bahn-SC Wuppertal 1"]

1. d4 Nf6 2. Bf4 c5 3. e3 Qb6 4. b3 g6 5. Nf3 Bg7 6. c3 O-O 7. Bd3 d6 8. h3 Nc6
9. O-O Re8 10. Nfd2 d5 11. Nf3 Nd7 12. Nbd2 e5 13. dxe5 Ndxe5 14. Nxe5 Nxe5 15.
Qc2 Nxd3 16. Qxd3 Bf5 17. Qe2 Bxc3 18. Rac1 Bg7 19. Nf3 h6 20. Rfd1 Rad8 21.
Ne1 Qb4 22. Nd3 Bxd3 23. Rxd3 Qxf4 24. Rxc5 Qe4 25. Qd1 Re5 26. g4 d4 27. Rc4
Red5 28. f3 Qe5 29. f4 Qe4 30. a4 a6 31. Qf1 b5 32. axb5 axb5 33. Rb4 Bf8 34.
Rbxd4 Rxd4 35. exd4 Rxd4 36. Rf3 Rd2 37. f5 Bc5+ 38. Kh1 Rf2 0-1